Movies Quiz

Random Movies or Actor Quiz

Best Supporting Actor Oscar Movies Quiz Stats

 Plays Quiz Updated Feb 24, 2019

Score 0/83 Timer 15:00
0 Plays Today
Year Movie % Correct
2008The Dark Knight
87.9%
2013Dallas Buyers Club
76.9%
1974The Godfather Part II
76.3%
1996Jerry Maguire
75.6%
1990Goodfellas
75.4%
2016Moonlight
75.1%
2007No Country for Old Men
73.6%
2018Green Book
72.8%
1993The Fugitive
72.6%
2012Django Unchained
71.8%
1995The Usual Suspects
71.8%
1997Good Will Hunting
70.3%
2014Whiplash
68.1%
2009Inglourious Basterds
65.9%
2017Three Billboards Outside Ebbing, Missouri
62.4%
1989Glory
59.7%
2004Million Dollar Baby
59.7%
2015Bridge of Spies
59%
2006Little Miss Sunshine
57.3%
1991City Slickers
56.3%
2003Mystic River
53.9%
1978The Deer Hunter
53.6%
1987The Untouchables
52.9%
1992Unforgiven
52.4%
1999The Cider House Rules
51.9%
1994Ed Wood
50.2%
1988A Fish Called Wanda
50.2%
2000Traffic
50.1%
Year Movie % Correct
2005Syriana
44.1%
1972Cabaret
41.1%
1983Terms of Endearment
40.9%
1982An Officer and a Gentleman
39.3%
1980Ordinary People
38.4%
2011Beginners
37.1%
1947Miracle on 34th Street
36.2%
2002Adaptation
35.2%
1984The Killing Fields
35%
2010The Fighter
35%
1985Cocoon
33.7%
1953From Here To Eternity
32.5%
1976All the President's Men
31.5%
1981Arthur
31%
1961West Side Story
29.7%
1986Hannah and Her Sisters
27.5%
1967Cool Hand Luke
27%
2001Iris
25.9%
1951A Streetcar Named Desire
25.8%
1959Ben-Hur
23.9%
1973The Paper Chase
23.5%
1960Spartacus
22.8%
1952Viva Zapata!
22%
1944Going My Way
21.2%
1975The Sunshine Boys
21%
1977Julia
20.5%
1946The Best Years Of Our Lives
20.1%
1998Affliction
19.5%
Year Movie % Correct
1948The Treasure of the Sierra Madre
19%
1971The Last Picture Show
18.4%
1950All About Eve
17.9%
1955Mister Roberts
17.5%
1966The Fortune Cookie
15%
1969They Shoot Horses, Don't They?
14.6%
1963Hud
14.5%
1957Sayonara
14%
1979Being There
13.6%
1956Lust for Life
13.6%
1939Stagecoach
13.1%
1941How Green Was My Valley
11.4%
1970Ryan's Daughter
11.4%
1937The Life of Emile Zola
10.5%
1964Topkapi
10.3%
1945A Tree Grows In Brooklyn
9.5%
1965A Thousand Clowns
8.9%
1958The Big Country
8.2%
1968The Subject Was Roses
8%
1940The Westerner
7.5%
1962Sweet Bird of Youth
7.5%
1949Twelve O'Clock High
7.4%
1938Kentucky
6.4%
1954The Barefoot Contessa
5.9%
1936Come and Get It
5.6%
1943The More the Merrier
5.1%
1942Johnny Eager
4.5%

You're not logged in!

Compare scores with friends on all Sporcle quizzes.
OR
Log In

Show Comments

Extras

Top Quizzes Today


Score Distribution

Your Account Isn't Verified!

In order to create a playlist on Sporcle, you need to verify the email address you used during registration. Go to your Sporcle Settings to finish the process.

Report this User

Report this user for behavior that violates our Community Guidelines.

Details: